| 000 | 01873nam2a2200265 4500 | ||
|---|---|---|---|
| 001 | RU\NLR\BIBL_A\022260212 | ||
| 005 | 20250625175454.0 | ||
| 035 | _a(NLR Aleph) 022260212 | ||
| 090 |
_a12313696 _c12313696 |
||
| 100 | _a20240624d1938 |||y0rusy50 ca | ||
| 101 | 0 | _arus | |
| 102 | _aRU | ||
| 105 | _af z 000zy | ||
| 200 | 1 | _aГод двадцать первый | |
| 210 |
_aМосква _cХудожественная литература _d1938 |
||
| 215 | _a398, [2] c., [1] вкл. л. с портр. | ||
| 300 | _aЧастное загл. пер. и корешка: Год XXI | ||
| 327 | 1 | _aСодерж.: А. М. Горький / И. Луппол. По пути на дно ; Последний день ; О книге / М. Горький. Из писем А. М. Горького (И. А. Груздеву). Памяти друга / Р. Роллан. Из воспоминаний об А. М. Горьком / А. Чапыгин. М. Горький на Капри / В. Десницкий. Начало / И. Бабель. А. М. Горький и его маленькие наследники / С. Маршак. Вечер в Горках / С. Марвич. Хитрие глаза / В. Герасимова. Я избираю Сталина / Джамбул. Высокое давление / Л. Соловьев. Вокруг света / В. Каменский. Любовь / Е. Леваковская | |
| 461 | 0 |
_1001rc\2671425 _12001#$aАльманах$fпод редакцией: М. Горького [и др.]$v13 _96233344 _cМосква _d1933-1939 _fпод редакцией: М. Горького [и др.] _nСоветская литература _tАльманах _v13 |
|
| 512 | 1 | _aГод XXI | |
| 852 |
_aNLR _j33-18/326(13) |
||
| 942 | _cBOOK | ||
| 980 | _aNB | ||